Vista normal
Vista MARC
Entrada Nombre personal
Número de registros utilizados en: 1
001 - NÚMERO DE CONTROL
- campo de control: 86857
003 - IDENTIFICADOR DEL NÚMERO DE CONTROL
- campo de control: DO-SdBNP
005 - FECHA Y HORA DE LA ÚLTIMA TRANSACCIÓN
- campo de control: 20241202113616.0
008 - DATOS DE LONGITUD FIJA
- campo de control de longitud fija: 241202|| aca||aabn | a|a d
040 ## - FUENTE DE LA CATALOGACIÓN
- Centro catalogador/agencia de origen: DO-SdBNP
- Lengua de catalogación: Spa
- Centro/agencia transcriptor: BNPHU
- Normas de descripción: rda
100 ## - ENCABEZAMIENTO-NOMBRE DE PERSONA
- Nombre de persona: Beltrán Crisóstomo, Editrudis
370 ## - LUGAR ASOCIADO
- País asociado: República Dominicana
374 ## - OCUPACIÓN
- Ocupación: Maestro
375 ## - GÉNERO/SEXO
- Género/Sexo: Masculino
678 ## - DATOS BIOGRÁFICOS O HISTÓRICOS
- Datos biográficos o históricos: El actual y magnifico Rector de la Universidad Autónoma de Santo Domingo, Editrudis Beltrán Crisóstomo, nació en la comunidad de La Victoria, Santo Domingo. Es el 4to. hijo de los señores Natalia Crisóstomo y Bernardino Beltrán. Está casado con la señora Manuela Soto con quien procreó tres hijos. Posee una licenciatura en Física, y una maestría en Matemática Pura. A temprana edad, descubre su vocación por el magisterio. Desde muy joven emprende su recorrido por el mundo de la enseñanza, primero en la educación básica y luego en la enseñanza universitaria. En el año 1974, ingresa como monitor en la Escuela de Física de la Facultad de Ciencias de la Universidad Autónoma de Santo Domingo, más adelante se convierte en profesor ayudante, encargado de laboratorios, coordinador de cátedra, hasta convertirse en profesor titular.
